| 000 | 01005nam a22003017a 4500 | ||
|---|---|---|---|
| 003 | CHAP | ||
| 005 | 20220817044535.0 | ||
| 008 | 1208s5s2010 mx r 00010 spa d | ||
| 010 | _a103655 | ||
| 011 | _a104627 | ||
| 020 | _a9786070033575 | ||
| 035 | _a115317 | ||
| 040 | _cCHAP | ||
| 082 | 0 | 4 |
_a372 _bA54 |
| 100 | 1 |
_aAndere Martínez, Eduardo. _95544 |
|
| 245 | 1 | 0 |
_aFinlandia : _bel éxito en PISA y más allá comienza en primaria y más atrás _c/por Eduardo Andere M. |
| 260 |
_aHuixquilucan, Edo. de México : _bEduardoandere.org, _c2010 |
||
| 300 | _a335 p. | ||
| 590 |
_aBATCH-UPD _b10 _c20130110 _lUCH01 _h1926 |
||
| 590 |
_aBATCH-UPD _b10 _c20130410 _lUCH01 _h1030 |
||
| 590 |
_aBATCH-UPD _b10 _c20130914 _lUCH01 _h0343 |
||
| 590 |
_aCONVERSION _b10 _c20130109 _lUCH01 _h1357 |
||
| 650 | 1 | 4 | _aEducación elemental. |
| 650 | 1 | 4 |
_aEducación y Estado _zFilandia. _935690 |
| 901 | _aBK | ||
| 942 | _cLIBRO | ||
| 949 |
_a372 A54 _bBC _cLIBRO _d33724002331876 _eLIBRO _gI.c/e _h117286 _i115317 _st _t$350.00 |
||
| 999 |
_c103655 _d103655 |
||